000 00569nam a22002057a 4500
003 OSt
005 20210426081523.0
008 210215s1975 ||||| |||| 00| 0 eng d
020 _a0812818520
040 _aeng
_beng
_cDLC
041 _aeng
080 _a92
_bL-48
100 _9877
_aLefebure, Molly
245 _aSamuel Taylor Coleridge
_b: A Bondage of Opium
_c/ by: Stein and Day Publishers
260 _aNew York
_bStein and Day Publishers
_c1975
300 _a535 p.
_bill.
650 0 _9237
_aBiography
653 _aბიოგრაფია
942 _2udc
_cBK
999 _c1383
_d1383